Fußballer nach Land #4 - Statistiken

Allgemein
  • Dieses Quiz wurde 415 mal gespielt
  • Das Durchschnittsergebnis liegt bei 15 aus 18
Antwortstatistiken
Spieler Land % Korrekt
Heungmin Son Südkorea
98%
Olivier Giroud Frankreich
96%
David Villa Spanien
96%
Pele Brasilien
95%
Paolo Maldini Italien
93%
James Rodriguez Kolumbien
93%
Kevin De Bruyne Belgien
92%
Manuel Neuer Deutschland
92%
Harry Kane Vereinigtes Königreich
88%
Eusébio Portugal
86%
Aleksandar Mitrović Serbien
83%
Jay-Jay Okocha Nigeria
82%
Diego Costa Spanien
82%
Marcos Acuña Argentinien
80%
Szabolcs Huszti Ungarn
79%
Davor Šuker Kroatien
78%
Sebastian Szymański Polen
77%
Fakhreddine Ben Youssef Tunesien
43%
Keine übereinstimmenden Quizze gefunden
Verteilung der Resultate
Anzahl Personen mit jedem Resultat
Perzentil nach korrekt beantworteten Fragen
Ihre Resultats-Entwicklung
Sie haben dieses Quiz noch nicht gespielt